Communication Technology and Human Development (Record no. 891)
[ view plain ]
| 000 -LEADER | |
|---|---|
| Fixed length control field | 00484nam a2200169 4500 |
| 003 - CONTROL NUMBER IDENTIFIER | |
| Control field | SEACOMMC |
| 005 - DATE AND TIME OF LATEST TRANSACTION | |
| Control field | 20250428130224.0 |
| 008 - FIXED-LENGTH DATA ELEMENTS--GENERAL INFORMATION | |
| Fixed length control field | 241217b |||||||| |||| 00| 0 eng d |
| 020 ## - INTERNATIONAL STANDARD BOOK NUMBER / ISBN | |
| International Standard Book Number | 978-0-76193-438-7 |
| Price | Rs.340.00 |
| 040 ## - CATALOGING SOURCE | |
| Original cataloging agency | SEACOMMC |
| 082 ## - DEWEY DECIMAL CLASSIFICATION NUMBER | |
| Classification number | 303.4833 |
| Book Number | G 427 |
| 100 ## - MAIN ENTRY--PERSONAL NAME | |
| Personal name | Ghosh, Avik |
| 245 1# - TITLE STATEMENT | |
| Title | Communication Technology and Human Development |
| Statement of responsibility | Avik Ghosh |
| 260 ## - IMPRINT | |
| Place of publication | New Delhi |
| Name of publisher | Sage Publications |
| Date of publication | 2006 |
| 650 ## - SUBJECT ADDED ENTRY--TOPICAL TERM | |
| Topical term | Human Development and ICT |
| 942 ## - ADDED ENTRY ELEMENTS (KOHA) | |
| Koha item type | Books |
| Withdrawn status | Lost status | Source of classification | Damaged status | Not for loan | Home library | Current library | Shelving location | Date acquired | Total Checkouts | Call number | Accession number | Date last seen | Price effective from | Koha item type |
|---|---|---|---|---|---|---|---|---|---|---|---|---|---|---|
| Dewey Decimal Classification | SEACOM MANAGEMENT COLLEGE | SEACOM MANAGEMENT COLLEGE | Reference | 07/12/2007 | 303.4833 G 427 | M-1202 | 17/12/2024 | 17/12/2024 | Books |
